| 000 | 00615nam a22002055b 4500 | ||
|---|---|---|---|
| 001 | bimo0000352275 | ||
| 003 | OSt | ||
| 005 | 20150826185401.0 | ||
| 008 | 931005s1993 sp | |||| ||spa | ||
| 020 | _a84-87699-71-5 | ||
| 040 |
_aSpMaBN _cBMC |
||
| 082 | _a200.1 | ||
| 245 | 0 | 0 |
_aReligión _cedición de José Gómez Caffarena |
| 260 | 0 |
_aMadrid _bTrotta _b: Consejo Superior de Investigaciones Científicas _c1993 |
|
| 300 |
_a244 p. _c23 cm |
||
| 490 |
_aEnciclopedia iberoamericana de filosofía _v3 |
||
| 650 | 7 |
_aReligión y filosofía _91387 |
|
| 700 | 1 |
_91127 _aGómez Caffarena, José |
|
| 942 |
_2ddc _cBK |
||
| 999 |
_c5215 _d5215 |
||